Online
Catalog
Normal view MARC view

Entry Nombre personal

Number of records used in: 17

001 - NÚMERO DE CONTROL

  • campo de control: 9330

003 - IDENTIFICADOR DEL NÚMERO DE CONTROL

  • campo de control: BNPHU

005 - FECHA Y HORA DE LA ÚLTIMA TRANSACCIÓN

  • campo de control: 20240319191734.0

008 - DATOS DE LONGITUD FIJA

  • campo de control de longitud fija: 200615|| aca||aabn | a|a d

010 ## - NÚMERO DE CONTROL DE LA BIBLIOTECA DEL CONGRESO

  • Número de control de LC: n 88234012

040 ## - FUENTE DE LA CATALOGACIÓN

  • Centro catalogador/agencia de origen: DO-SdBNP
  • Lengua de catalogación: spa
  • Centro/agencia transcriptor: BNPHU

100 1# - ENCABEZAMIENTO-NOMBRE DE PERSONA

  • Nombre de persona: Rosario, Esteban
  • Fechas asociadas al nombre: 1953-

370 ## - LUGAR ASOCIADO

  • Lugar de nacimiento: Santiago de los Caballeros (República Dominicana)‏

374 ## - OCUPACIÓN

  • Ocupación: Periodista
  • Ocupación: Productor y director de televisión

375 ## - GÉNERO/SEXO

  • Género/Sexo: Masculino

377 ## - LENGUA/LENGUAJE ASOCIADO

  • Código del idioma: spa
  • Término de lengua/lenguaje: Español

400 1# - TRAZADO DE VÉASE--NOMBRE DE PERSONA

  • Nombre de persona: Calvo Peralta, Félix

400 1# - TRAZADO DE VÉASE--NOMBRE DE PERSONA

  • Nombre de persona: Peralta, Félix Calvo

670 ## - FUENTE DE DATOS ENCONTRADOS

  • Cita de la fuente: Work cat.: (OSt)2770: Rosario, Esteban, Los dueños de la República Dominicana /, 2008.

670 ## - FUENTE DE DATOS ENCONTRADOS

  • Cita de la fuente: Crisis del desarrollismo, auge del monetarismo, c1986

670 ## - FUENTE DE DATOS ENCONTRADOS

  • Cita de la fuente: Los hijos de Mercurio en la quiebra de Bancomercio, 1996:

670 ## - FUENTE DE DATOS ENCONTRADOS

  • Cita de la fuente: El triple colapso, 2018:

670 ## - FUENTE DE DATOS ENCONTRADOS

  • Identificador Uniforme del Recurso: https://www.amazon.com/-/es/stores/author/B07RLX7WBK/about

670 ## - FUENTE DE DATOS ENCONTRADOS

  • Cita de la fuente: Los dueños de la República Dominicana, 1988:‏ ‎

Powered by Koha